LEADER 01411nam 2200457 450 001 9910671689803321 005 20210303142705.0 035 $a(CKB)4920000000518421 035 $a(MiAaPQ)EBC6773278 035 $a(OCoLC)1241984472 035 $a(FINmELB)ELB127425 035 $a(EXLCZ)994920000000518421 100 $a20210303d2020 uy 0 101 0 $aspa 135 $aurcnu|||||||| 181 $ctxt$2rdacontent/spa 182 $cc$2rdamedia/spa 183 $acr$2rdacarrier/spa 200 10$aProceso penal y (neuro)ciencia $euna interaccio?n desorientada : una reflexio?n acerca de la neuroprediccio?n /$fMiquel Julia? Pijoan 210 1$aMadrid :$cMarcial Pons Ediciones Juri?dicas y Sociales,$d2020. 215 $a1 recurso en li?nea (398 pa?ginas) 225 0 $aProceso y derecho 311 $a84-9123-733-X 311 $a84-9123-824-7 606 $aCriminal procedure 606 $aNeurosciences 606 $aProcedimiento penal 606 $aNeurociencias 608 $aLibros electronicos. 615 0$aCriminal procedure. 615 0$aNeurosciences. 615 4$aProcedimiento penal. 615 4$aNeurociencias. 676 $a345.05 700 $aJulia? Pijoan$b Miquel$01336654 801 0$bFINmELB 801 1$bFINmELB 906 $aBOOK 912 $a9910671689803321 996 $aProceso penal y (neuro)ciencia$93053818 997 $aUNINA LEADER 01418nam 2200361 a 450 001 9910702374003321 005 20121126143542.0 035 $a(CKB)5470000002426416 035 $a(OCoLC)819338966 035 $a(EXLCZ)995470000002426416 100 $a20121126d2012 ua 0 101 0 $aeng 135 $aurbn||||||||| 181 $ctxt$2rdacontent 182 $cc$2rdamedia 183 $acr$2rdacarrier 200 10$aAviation$b[electronic resource] $etransport services : agreement between the United States of America and the Czech Republic amending the agreement of September 10, 1996, effected by exchange of notes at Prague, June 4, 2001 and February 14, 2002 210 1$a[Washington, D.C.] :$cU.S. Dept. of State,$d[2012?] 215 $a1 online resource (15 unnumbered pages) 225 1 $aTreaties and other international acts series ;$v02-214 300 $aTitle from title screen (viewed on Nov. 26, 2012). 517 $aAviation 606 $aAeronautics, Commercial$xLaw and legislation$zUnited States 606 $aAeronautics, Commercial$xLaw and legislation$zCzech Republic 615 0$aAeronautics, Commercial$xLaw and legislation 615 0$aAeronautics, Commercial$xLaw and legislation 712 02$aUnited States.$bDepartment of State. 801 0$bGPO 801 1$bGPO 906 $aBOOK 912 $a9910702374003321 996 $aAviation$9799860 997 $aUNINA LEADER 00924nam0 22002171i 450 001 UON00179787 005 20231205103127.98 100 $a20030730d1985 |0itac50 ba 101 $aita 102 $aIT 105 $a|||| 1|||| 200 1 $aˆLa ‰donna, la pace, l'Europa$el'associazione internazionale delle donne dalle or igini alla prima guerra mondiale$fFranca Pieroni Bortolotti 210 $aMilano$cFranco Angeli$d1985 - 335 p. ; 22 cm 606 $aDonne$xAssociazioni internazionali$xSec. 19.$3UONC036581$2FI 700 1$aPieroni Bortolotti$bFranca$3UONV102901$00 801 $aIT$bSOL$c20251114$gRICA 899 $aSIBA - SISTEMA BIBLIOTECARIO DI ATENEO$2UONSI 912 $aUON00179787 950 $aSIBA - SISTEMA BIBLIOTECARIO DI ATENEO$dSI EUR D A 0962 $eSI SC 15252 5 0962 996 $aDonna, la pace, l'Europa$91289041 997 $aUNIOR